L'Europe orientale (Record no. 169723)

MARC details
000 -LEADER
campo de control de longitud fija 00558nam a22001695i 4500
001 - NÚMERO DE CONTROL
campo de control 169723
003 - IDENTIFICADOR DE NÚMERO DE CONTROL
campo de control ES-MaACL
005 - FECHA Y HORA DE LA ÚLTIMA TRANSACCIÓN
campo de control 20230907160951.0
008 - DATOS DE LONGITUD FIJA--INFORMACIÓN GENERAL
campo de control de longitud fija 081113s1873 fr |||| | fre d
245 03 - MENCIÓN DEL TÍTULO
Título L'Europe orientale
Resto del título : son état présent sa réorganisation avec deux tableaux ethnographiques et politiques et une carte.
260 ## - PUBLICACIÓN, DISTRIBUCIÓN, ETC.
Lugar de publicación, distribución, etc. Paris :
Nombre del editor, distribuidor, etc. German Baillière,
Fecha de publicación, distribución, etc. 1873.
300 ## - DESCRIPCIÓN FÍSICA
Extensión 228 p., [3] h. pleg. ;
Dimensiones 18 cm.
651 #4 - PUNTO DE ACCESO ADICIONAL DE MATERIA--NOMBRE GEOGRÁFICO
Nombre geográfico Europa oriental.
9 (RLIN) 138897
852 ## - LOCALIZACIÓN
Ubicación ES-MaACL
itemnumber 176383
Número de control de estantería T-210-F-7
942 ## - ELEMENTOS DE ENTRADA SECUNDARIOS (KOHA)
Fuente del sistema de clasificación o colocación Clasificación decimal universal
Holdings
Estatus retirado Estado de pérdida Estado de daño No para préstamo Colección Biblioteca de origen Biblioteca actual Ubicación en estantería Fecha de adquisición Fuente de adquisición Total de préstamos Signatura topográfica completa Código de barras Visto por última vez Precio de reemplazo Tipo de ítem Koha
        Colección de folletos Biblioteca del Ateneo de Madrid Biblioteca del Ateneo de Madrid Depósito folletos 13/11/2008     T-210-F-7 1178182 23/02/2023 23/02/2023 Folleto